Вып. 10; Электроакустика и звукотехника

Détails bibliographiques
Parent link:Электроакустика и звукотехника/ Киевский политехнический институт (КПИ). Вып. 10.— , 1977-1992
Autres auteurs: Геранин В. А.
Langue:russe
Publié: 1986
Sujets:
Format: MixedMaterials Livre
KOHA link:https://koha.lib.tpu.ru/cgi-bin/koha/opac-detail.pl?biblionumber=281473

MARC

LEADER 00000nam2a2200000 4500
001 281473
005 20231101235414.0
035 |a (RuTPU)RU\TPU\book\305224 
035 |a RU\TPU\book\294230 
090 |a 281473 
100 |a 20150122d1986 k y0rusy50 ca 
101 0 |a rus 
102 |a UA 
105 |a a z 001zy 
200 0 |a Вып. 10 
210 |d 1986 
215 |a 66 с.  |c ил. 
320 |a Библиогр. в конце ст. 
461 1 |0 (RuTPU)RU\TPU\book\289477  |t Электроакустика и звукотехника  |f Киевский политехнический институт (КПИ)  |v Вып. 10  |d 1977-1992  |s Вестник Киевского политехнического института 
606 1 |a Звукоизоляция  |x (акустика)  |2 stltpush  |3 (RuTPU)RU\TPU\subj\11535  |9 38458 
610 1 |a процессы 
610 1 |a сплошные среды 
610 1 |a акустические поля 
610 1 |a сигналы 
610 1 |a магнитная запись 
610 1 |a электроакустика 
675 |a 534.8  |v 4 
702 1 |a Геранин  |b В. А.  |4 540 
801 1 |a RU  |b 63413507  |c 20140401 
801 2 |a RU  |b 63413507  |c 20180214  |g RCR 
942 |c BK